000 00748nam a2200229Ii 4500
003 JO-AjNU
008 230605s9999||||xx |||||||||||||| ||und||
017 _a2011/3/1105
020 _a978-9957-07-978-5
040 _aJO-AjNU
_bara
_erda
_cJO-AjNU
041 _aara
050 1 4 _aLC3965.J37 2012
100 3 _aجروان، فتحي عبد الرحمن,
_eauthor
_942717
245 0 0 _aأساليب الكشف عن الموهوبين والمتفوقين ورعايتهم
250 _aط3
264 3 1 _aعمان:دار الفكر،2012
300 _a472ص
336 _atext
_btxt
_2rdacontent
337 _aunmediated
_bn
_2rdamedia
338 _avolume
_bnc
_2rdacarrier
650 4 _aالتربية-الطلاب الموهوبين
_942718
999 _aA18312
_c21880
_d21880